[Event "GER-chT School WK GS"]
[Site "Playchess.com INT"]
[Date "2020.06.11"]
[Round "1.4"]
[White "Voelpel, Alexander"]
[Black "Mahdi, Gabriel"]
[Result "1-0"]
[WhiteElo "1547"]
[BlackElo "1634"]
[PlyCount "129"]
[EventDate "2020.06.11"]
[EventType "team-swiss (blitz)"]
[EventRounds "7"]
[EventCountry "GER"]
[SourceTitle "EXT 2021"]
[Source "ChessBase"]
[SourceDate "2020.10.23"]
[SourceVersion "1"]
[SourceVersionDate "2020.10.23"]
[SourceQuality "1"]
[WhiteTeam "HB an der Gete"]
[BlackTeam "Lauerholz SHO"]
[WhiteTeamCountry "GER"]
[BlackTeamCountry "GER"]

1. e4 e5 2. Nf3 Nc6 3. Bc4 Nf6 4. d3 Bc5 5. Nc3 d6 6. Bg5 h6 7. Bxf6 Qxf6 8. Nd5 Qd8 9. a3 Nd4 10. c3 Nxf3+ 11. Qxf3 f6 12. 0-0 c6 13. Ne3 Qe7 14. Rad1 h5 15. d4 Bg4 16. Nxg4 hxg4 17. Qxg4 Bb6 18. Qg6+ Kd7 19. Qf5+ Kc7 20. Qe6 Qxe6 21. Bxe6 Rae8 22. Bf5 Rh5 23. Bg6 Reh8 24. Bxh5 Rxh5 25. h3 f5 26. exf5 Rxf5 27. dxe5 Rxe5 28. Rfe1 Rf5 29. Rf1 Re5 30. Rde1 Rxe1 31. Rxe1 d5 32. Re7+ Kd6 33. Rxg7 d4 34. cxd4 Bxd4 35. Rxb7 a5 36. b4 axb4 37. axb4 c5 38. bxc5+ Bxc5 39. Rb5 Kd5 40. Rxc5+ Kxc5 41. g4 Kd5 42. Kg2 Ke6 43. Kg3 Kf6 44. f4 Kg6 45. f5+ Kg5 46. h4+ Kh6 47. Kf4 Kg7 48. g5 Kf7 49. f6 Kg6 50. Kg4 Kf7 51. h5 Kg8 52. g6 Kh8 53. Kg5 Kg8 54. f7+ Kg7 55. h6+ Kf8 56. h7 Kg7 57. Kh5 Kf6 58. h8Q+ Kf5 59. f8Q+ Ke4 60. Qff6 Kd3 61. Qe8 Kc2 62. Qd6 Kb3 63. Qc8 Ka4 64. Qb6 Ka3 65. Qa8# 1-0